LEADER 01022cam0-2200337---450- 001 990004061940403321 005 20151215101801.0 010 $a0-520-02397-8 035 $a000406194 035 $aFED01000406194 035 $a(Aleph)000406194FED01 035 $a000406194 100 $a19990604d1973----km-y0itay50------ba 101 0 $aeng 102 $aUS 105 $aa-------001yy 200 1 $a<>resources of kind$egenre-theory in the Renaissance$fRosalie L. Colie$gedited by Barbara K. Lewalski 210 $aBerkeley ; Los Angeles$cUniversity of California press$d1973 215 $a128 p.$c20 ill.$d22 cm 225 1 $aUna's Lectures$v1 610 0 $aRinascimento 676 $a809.031$v22$zita 700 1$aColie,$bRosalie L.$0156149 702 1$aLewalski,$bBarbara K. 801 0$aIT$bUNINA$gRICA$2UNIMARC 901 $aBK 912 $a990004061940403321 952 $a809.031 COL 1$bDip.f.m.1791$fFLFBC 959 $aFLFBC 996 $aResources of kind$9469802 997 $aUNINA